[Event "TUR Cup"]
[Site "Antalya"]
[Date "2017.01.31"]
[Round "6"]
[White "Yesilyurt, Celal"]
[Black "Albay, Koraycan"]
[Result "0-1"]
[WhiteElo "1407"]
[BlackElo "1718"]
[PlyCount "70"]
[EventDate "2017.01.28"]
[EventType "swiss"]
[EventRounds "11"]
[EventCountry "TUR"]
[SourceTitle "CBM 176 Extra"]
[Source "ChessBase"]
[SourceDate "2017.03.02"]
[SourceVersion "1"]
[SourceVersionDate "2017.03.02"]
[SourceQuality "1"]

1. d4 Nf6 2. Bf4 d5 3. e3 g6 4. Nf3 Nh5 5. Bg3 Nxg3 6. hxg3 Bg7 7. Nbd2 Nc6 8. c3 e5 9. dxe5 Nxe5 10. Nxe5 Bxe5 11. Bd3 Be6 12. Qc2 Qe7 13. Nf3 Bg7 14. 0-0-0 0-0-0 15. Nd4 Bg4 16. Rde1 c5 17. Nb5 a6 18. Na7+ Kb8 19. Nc6+ bxc6 20. Qa4 Bc8 21. Qxc6 Qd6 22. Qa4 Ka7 23. Rh4 Bf6 24. Rhh1 Be6 25. Be2 Qb6 26. g4 Rb8 27. Qc2 d4 28. exd4 cxd4 29. c4 d3 30. Bxd3 Qxb2+ 31. Qxb2 Rxb2 32. g5 Bg7 33. Re2 Rxe2 34. Bxe2 h5 35. Kc2 Rb8 0-1

[Event "Istanbul op"]
[Site "Istanbul"]
[Date "2016.08.29"]
[Round "1"]
[White "Ozer, Omer Faruk"]
[Black "Albay, Koraycan"]
[Result "1-0"]
[WhiteElo "2374"]
[BlackElo "1796"]
[PlyCount "55"]
[EventDate "2016.08.29"]
[EventType "swiss"]
[EventRounds "9"]
[EventCountry "TUR"]
[SourceTitle "CBM 174 Extra"]
[Source "ChessBase"]
[SourceDate "2016.10.10"]
[SourceVersion "1"]
[SourceVersionDate "2016.10.10"]
[SourceQuality "1"]

1. e4 c5 2. Nf3 Nc6 3. Bb5 g6 4. Bxc6 dxc6 5. d3 Bg7 6. h3 Nf6 7. 0-0 0-0 8. Re1 Ne8 9. e5 Nc7 10. Nc3 b6 11. Bd2 Ne6 12. a3 Qc7 13. b4 a5 14. bxc5 Nxc5 15. Qc1 Rd8 16. Bh6 Bh8 17. Qf4 Ne6 18. Qh4 c5 19. Bg5 Nd4 20. Bxe7 Rd7 21. Bd6 Nxf3+ 22. gxf3 Qc6 23. Ne4 Bb7 24. Qh6 f5 25. Ng5 Re8 26. Kh2 Qd5 27. Nxh7 Qxf3 28. Qxg6+ 1-0

[Event "TUR-chT"]
[Site "Izmir"]
[Date "2016.07.26"]
[Round "2.1"]
[White "Solak, Dragan"]
[Black "Albay, Koraycan"]
[Result "1-0"]
[WhiteElo "2633"]
[BlackElo "1796"]
[PlyCount "57"]
[EventDate "2016.07.25"]
[EventType "team-swiss"]
[EventRounds "13"]
[EventCountry "TUR"]
[SourceTitle "CBM 173 Extra"]
[Source "ChessBase"]
[SourceDate "2016.08.29"]
[SourceVersion "1"]
[SourceVersionDate "2016.08.29"]
[SourceQuality "1"]
[WhiteTeam "Besiktas Jimnastik"]
[BlackTeam "Kocaeli Buyuksehir Belediyesi"]
[WhiteTeamCountry "TUR"]
[BlackTeamCountry "TUR"]

1. e4 c5 2. Nc3 Nc6 3. Bb5 a6 4. Bxc6 bxc6 5. d3 d6 6. f4 g6 7. Nf3 Bg4 8. 0-0 Bg7 9. Qe1 Bxf3 10. Rxf3 Qd7 11. Bd2 e6 12. Na4 Rb8 13. Bc3 Nf6 14. Qh4 Qd8 15. f5 e5 16. Raf1 0-0 17. Bd2 Nh5 18. f6 Bh8 19. g4 Nf4 20. Bxf4 exf4 21. Rh3 h5 22. Rxf4 Qa5 23. gxh5 g5 24. Qxg5+ Kh7 25. Qf5+ Kh6 26. Rg4 Qe1+ 27. Kg2 Qe2+ 28. Kh1 Rg8 29. Qg6+ 1-0

[Event "Istanbul Kartal op"]
[Site "Istanbul"]
[Date "2015.06.23"]
[Round "1"]
[White "Albay, Koraycan"]
[Black "Guseynov, Alihan"]
[Result "0-1"]
[WhiteElo "1847"]
[BlackElo "2213"]
[PlyCount "66"]
[EventDate "2015.06.23"]
[EventType "swiss"]
[EventRounds "9"]
[EventCountry "TUR"]
[SourceTitle "CBM 167 Extra"]
[Source "ChessBase"]
[SourceDate "2015.09.14"]
[SourceVersion "1"]
[SourceVersionDate "2015.09.14"]
[SourceQuality "1"]

1. d4 Nf6 2. c4 e6 3. Nc3 Bb4 4. e3 b6 5. Bd3 Bb7 6. f3 Bxc3+ 7. bxc3 0-0 8. e4 d6 9. Nh3 e5 10. 0-0 Qe7 11. Bg5 h6 12. Bh4 Bc8 13. Nf2 g5 14. Bg3 Nc6 15. d5 Na5 16. h4 Nh5 17. Bh2 gxh4 18. Ng4 Qg5 19. Qc1 Nf4 20. Bxf4 exf4 21. Kh1 Nb7 22. Nf2 Nc5 23. Bc2 Kh8 24. Qd2 Rg8 25. Rg1 Qe5 26. Qd4 f6 27. Qxe5 fxe5 28. Kh2 Rg3 29. Nh3 Bxh3 30. gxh3 Rxf3 31. Rg4 Rf2+ 32. Kh1 Rxc2 33. Re1 Nd3 0-1

[Event "Gebze op 5th"]
[Site "Kocaeli"]
[Date "2014.09.23"]
[Round "6"]
[White "Albay, Koraycan"]
[Black "Tunali, Ugur"]
[Result "0-1"]
[WhiteElo "1877"]
[BlackElo "1765"]
[PlyCount "76"]
[EventDate "2014.09.20"]
[EventType "swiss"]
[EventRounds "9"]
[EventCountry "TUR"]
[SourceTitle "CBM 162 Extra"]
[Source "ChessBase"]
[SourceDate "2014.10.17"]
[SourceVersion "1"]
[SourceVersionDate "2014.10.17"]
[SourceQuality "1"]

1. d4 Nf6 2. c4 c5 3. d5 e6 4. Nc3 exd5 5. cxd5 d6 6. e4 g6 7. f4 Bg7 8. Bb5+ Nfd7 9. a4 0-0 10. Nf3 a6 11. Bd3 Re8 12. 0-0 b6 13. Qe1 Bb7 14. Qg3 Nf6 15. Bd2 Nbd7 16. Rae1 b5 17. axb5 c4 18. Bxc4 axb5 19. Bxb5 Rc8 20. Qh3 Rxc3 21. Bxc3 Qb6+ 22. Nd4 Nxe4 23. Qd3 Ndc5 24. Qc4 Rc8 25. Nc6 Bxc6 26. Bxc6 Nd3+ 27. Bd4 Bxd4+ 28. Kh1 Ndf2+ 29. Kg1 Nh3+ 30. Kh1 Nef2+ 31. Rxf2 Nxf2+ 32. Kg1 Nd3+ 33. Kf1 Nxe1 34. b3 Nxg2 35. Kxg2 Bc5 36. f5 Qb4 37. Qe2 Qxb3 38. Qg4 Qc2+ 0-1

[Event "Gebze op"]
[Site "Gebze"]
[Date "2013.10.05"]
[Round "6"]
[White "Albay, Koraycan"]
[Black "Yilmaz, Mustafa"]
[Result "0-1"]
[WhiteElo "1822"]
[BlackElo "2567"]
[PlyCount "58"]
[EventDate "2013.10.03"]
[EventType "swiss"]
[EventRounds "7"]
[EventCountry "TUR"]
[SourceTitle "CBM 157 Extra"]
[Source "ChessBase"]
[SourceDate "2013.12.19"]
[SourceVersion "1"]
[SourceVersionDate "2013.12.19"]
[SourceQuality "1"]

1. d4 Nf6 2. c4 c5 3. d5 e6 4. Nf3 d6 5. Nc3 exd5 6. cxd5 g6 7. e4 Bg7 8. Be2 0-0 9. 0-0 Bg4 10. Bg5 Nbd7 11. Nd2 Bxe2 12. Nxe2 b5 13. f4 Qb6 14. Ng3 c4+ 15. Kh1 h6 16. Bh4 Rae8 17. a4 a6 18. Bxf6 Nxf6 19. Qf3 Qd4 20. Rfd1 Qxb2 21. Rab1 Qc2 22. axb5 axb5 23. Rxb5 c3 24. Nb3 Nxe4 25. Rf1 Nd2 26. Nxd2 cxd2 27. Rbb1 Qxb1 28. Rxb1 Re1+ 29. Qf1 Rfe8 0-1